[Event "Wch Seniors 65 28th"]
[Site "Bled"]
[Date "2018.11.27"]
[Round "9"]
[White "Tavcar, Rado"]
[Black "Keogh, Eamon"]
[Result "0-1"]
[WhiteElo "1847"]
[BlackElo "1982"]
[PlyCount "55"]
[EventDate "2018.11.18"]
[EventType "swiss"]
[EventRounds "11"]
[EventCountry "SLO"]
[SourceTitle "CBM 187 Extra"]
[Source "ChessBase"]
[SourceDate "2018.11.04"]
[SourceVersion "1"]
[SourceVersionDate "2018.11.04"]
[SourceQuality "1"]

1. d4 f5 2. e4 fxe4 3. Nc3 Nf6 4. Bg5 c6 5. Bxf6 exf6 6. Nxe4 d5 7. Ng3 Bd6 8. Bd3 0-0 9. N1e2 f5 10. f4 c5 11. c3 cxd4 12. cxd4 Qa5+ 13. Nc3 Re8+ 14. Kf1 g6 15. Qb3 Be6 16. Nge2 Nd7 17. g3 Nf6 18. h3 Qd8 19. Kg2 Bf7 20. Rhe1 Rb8 21. Ng1 Bc7 22. Nf3 Bb6 23. Rxe8+ Bxe8 24. Rd1 Rc8 25. Bb1 Kg7 26. Ne5 h5 27. g4 hxg4 28. hxg4 0-1

[Event "Wch Seniors 65 28th"]
[Site "Bled"]
[Date "2018.11.23"]
[Round "6"]
[White "Lie, Terje"]
[Black "Tavcar, Rado"]
[Result "0-1"]
[WhiteElo "1534"]
[BlackElo "1847"]
[PlyCount "53"]
[EventDate "2018.11.18"]
[EventType "swiss"]
[EventRounds "11"]
[EventCountry "SLO"]
[SourceTitle "CBM 187 Extra"]
[Source "ChessBase"]
[SourceDate "2018.11.04"]
[SourceVersion "1"]
[SourceVersionDate "2018.11.04"]
[SourceQuality "1"]

1. d4 f5 2. c4 e6 3. Nc3 Nf6 4. g3 d5 5. e3 c6 6. cxd5 exd5 7. Bg2 Bd6 8. Nf3 0-0 9. 0-0 Nbd7 10. a3 Qe7 11. Qc2 Ne4 12. b4 a6 13. Bb2 Nb6 14. Na4 Nc4 15. Bc1 b5 16. Nc5 a5 17. Bb2 Bd7 18. Rfd1 Be8 19. Bf1 Bg6 20. Nh4 Be8 21. Bd3 g6 22. Nf3 g5 23. Bxe4 fxe4 24. Nd2 Bg6 25. Nxc4 bxc4 26. Bc3 Bxc5 27. bxc5 0-1

[Event "Wch Seniors 65 28th"]
[Site "Bled"]
[Date "2018.11.22"]
[Round "5"]
[White "Tavcar, Rado"]
[Black "Filzmaier, Bruno"]
[Result "1/2-1/2"]
[WhiteElo "1847"]
[BlackElo "1727"]
[PlyCount "58"]
[EventDate "2018.11.18"]
[EventType "swiss"]
[EventRounds "11"]
[EventCountry "SLO"]
[SourceTitle "CBM 187 Extra"]
[Source "ChessBase"]
[SourceDate "2018.11.04"]
[SourceVersion "1"]
[SourceVersionDate "2018.11.04"]
[SourceQuality "1"]

1. d4 e6 2. e3 d5 3. Bd3 b6 4. c3 Bb7 5. Nd2 Nf6 6. f4 c5 7. Qf3 Nbd7 8. Ne2 Be7 9. g4 g6 10. Ng3 h5 11. g5 Nh7 12. h4 Qc7 13. 0-0 Bd6 14. a4 a6 15. Bc2 c4 16. e4 0-0-0 17. b3 cxb3 18. Bxb3 dxe4 19. Ndxe4 Be7 20. Qe3 Rhe8 21. Bd2 Qc6 22. c4 f5 23. d5 Qc7 24. d6 Bxd6 25. Nxd6+ Qxd6 26. Bc3 Nc5 27. Bc2 Qc6 28. Rf2 a5 29. Re2 Ba6 1/2-1/2

[Event "Otocec Krka Terme op"]
[Site "Otocec"]
[Date "2017.11.03"]
[Round "4"]
[White "Tavcar, Rado"]
[Black "Ziberna, Giuliano"]
[Result "0-1"]
[WhiteElo "1918"]
[BlackElo "1603"]
[PlyCount "120"]
[EventDate "2017.11.02"]
[EventType "swiss"]
[EventRounds "9"]
[EventCountry "SLO"]
[SourceTitle "EXT 2019"]
[Source "ChessBase"]
[SourceDate "2018.10.10"]
[SourceVersion "1"]
[SourceVersionDate "2018.10.10"]
[SourceQuality "1"]

1. d4 c5 2. d5 Nf6 3. c4 g6 4. Nc3 d6 5. e4 Bg7 6. f4 Bg4 7. Nf3 Nbd7 8. h3 Bxf3 9. Qxf3 a6 10. Be2 e6 11. 0-0 Nh5 12. g4 Bd4+ 13. Kg2 Ng7 14. Bd3 Qh4 15. Bd2 0-0-0 16. Be1 Qe7 17. Rb1 g5 18. Bg3 gxf4 19. Bxf4 Rdf8 20. Bc2 Rhg8 21. Kh1 Ne5 22. Qe2 Qh4 23. Qg2 Nh5 24. Bh2 Nxg4 25. hxg4 Rxg4 26. dxe6 Ng3+ 27. Qxg3 Rxg3 28. e7 Rfg8 29. Rbe1 Be5 30. e8Q+ Rxe8 31. Re2 Reg8 32. Nd5 Kd8 33. Nf6 Rg2 34. Rxg2 Rxg2 35. Kxg2 Qxh2+ 36. Kf3 Bxf6 37. Rf2 Qh5+ 38. Kg2 Bxb2 39. Bd3 Bd4 40. Rf3 Qg5+ 41. Rg3 Qd2+ 42. Kh3 Be5 43. Rf3 h5 44. Kh4 f6 45. Bf1 Qg5+ 46. Kh3 h4 47. Bg2 Bg3 48. Rf5 Qh6 49. Bf3 Be5 50. a4 Kc7 51. a5 b6 52. axb6+ Kxb6 53. Rh5 Qf4 54. Kg2 Qg3+ 55. Kf1 Qxf3+ 56. Kg1 Bd4+ 57. Kh2 Qxh5 58. e5 Qxe5+ 59. Kh1 Qe1+ 60. Kg2 Qf2+ 0-1

[Event "Otocec Krka Terme op"]
[Site "Otocec"]
[Date "2016.10.22"]
[Round "2"]
[White "Tavcar, Rado"]
[Black "Ziberna, Giuliano"]
[Result "1-0"]
[WhiteElo "1942"]
[BlackElo "1500"]
[PlyCount "37"]
[EventDate "2016.10.21"]
[EventType "swiss"]
[EventRounds "5"]
[EventCountry "SLO"]
[SourceTitle "EXT 2019"]
[Source "ChessBase"]
[SourceDate "2018.10.10"]
[SourceVersion "1"]
[SourceVersionDate "2018.10.10"]
[SourceQuality "1"]

1. d4 Nf6 2. c4 c5 3. d5 e6 4. Nc3 exd5 5. cxd5 d6 6. e4 g6 7. f4 Bg7 8. e5 Qe7 9. Bb5+ Nbd7 10. Qe2 0-0 11. exf6 Qxf6 12. Nf3 a6 13. Bd3 Nb6 14. 0-0 Bg4 15. h3 Bxf3 16. Qxf3 c4 17. Bc2 Rfe8 18. Be3 Re7 19. Bxb6 1-0

[Event "Wch Seniors 23rd"]
[Site "Opatija"]
[Date "2013.11.20"]
[Round "8"]
[White "Urbanc, Vinko"]
[Black "Tavcar, Rado"]
[Result "1/2-1/2"]
[WhiteElo "1842"]
[BlackElo "1956"]
[PlyCount "117"]
[EventDate "2013.11.12"]
[EventType "swiss"]
[EventRounds "11"]
[EventCountry "CRO"]
[SourceTitle "CBM 157 Extra"]
[Source "ChessBase"]
[SourceDate "2013.12.19"]
[SourceVersion "1"]
[SourceVersionDate "2013.12.19"]
[SourceQuality "1"]

1. e4 e5 2. Nf3 Nc6 3. Bb5 a6 4. Ba4 Nf6 5. 0-0 Be7 6. Re1 b5 7. Bb3 0-0 8. h3 d6 9. c3 Na5 10. Bc2 c5 11. d4 Qc7 12. Nbd2 Bd7 13. Nf1 Rac8 14. Ne3 cxd4 15. cxd4 Rfe8 16. d5 g6 17. b3 Nb7 18. Ba3 Nc5 19. Bxc5 Qxc5 20. Rc1 Nh5 21. Qd2 Nf4 22. Kh2 Bf8 23. Ng4 Bg7 24. Bb1 Qb6 25. Rxc8 Rxc8 26. Ng1 f5 27. Ne3 Rf8 28. Nd1 fxe4 29. Bxe4 Nh5 30. Nf3 Nf6 31. Nc3 Rc8 32. Re2 Qc5 33. Nd1 Nxe4 34. Rxe4 Bf5 35. b4 Qb6 36. Re2 Rc2 37. Qe1 Rc1 38. Qd2 Qc7 39. Ne3 Bh6 40. Nh4 Rc2 41. Qe1 Bxe3 42. Rxe3 Qc4 43. Nxf5 gxf5 44. Rg3+ Kf7 45. Qe3 f4 46. Qa7+ Qc7 47. Qxc7+ Rxc7 48. Ra3 Ra7 49. Ra5 e4 50. Kg1 Kf6 51. a4 bxa4 52. b5 Ke5 53. Rxa6 Rb7 54. Rxa4 Kxd5 55. Rb4 Rb6 56. Rb2 Rb7 57. Rb4 Rb6 58. Rb2 Rb7 59. Rb4 1/2-1/2

[Event "Wch Seniors 23rd"]
[Site "Opatija"]
[Date "2013.11.12"]
[Round "1"]
[White "Tavcar, Rado"]
[Black "Postler, Reinhard"]
[Result "0-1"]
[WhiteElo "1956"]
[BlackElo "2232"]
[PlyCount "118"]
[EventDate "2013.11.12"]
[EventType "swiss"]
[EventRounds "11"]
[EventCountry "CRO"]
[SourceTitle "CBM 157 Extra"]
[Source "ChessBase"]
[SourceDate "2013.12.19"]
[SourceVersion "1"]
[SourceVersionDate "2013.12.19"]
[SourceQuality "1"]

1. d4 Nf6 2. c4 e6 3. Nf3 c5 4. d5 exd5 5. cxd5 d6 6. Nc3 g6 7. e4 Bg7 8. Be2 0-0 9. 0-0 a6 10. a4 Bg4 11. Nd2 Bxe2 12. Qxe2 Nbd7 13. Nc4 Nb6 14. Ne3 Re8 15. Qc2 Qc7 16. Bd2 Nbd7 17. a5 c4 18. f3 b5 19. axb6 Nxb6 20. Na4 Nfd7 21. Kh1 Bd4 22. Ng4 Bg7 23. Bc3 h5 24. Nf2 Nxa4 25. Rxa4 Nb6 26. Ra3 Nd7 27. Rfa1 Bxc3 28. Rxc3 Rec8 29. Nd1 Ne5 30. Ne3 Qb6 31. Rd1 Rab8 32. f4 Ng4 33. Nxg4 hxg4 34. Rd2 Qa5 35. g3 Rc5 36. Kg2 Rb3 37. Qc1 Qb4 38. h3 gxh3+ 39. Kxh3 Kg7 40. Rf2 Qb7 41. Rcf3 f6 42. g4 Qe7 43. Qc2 Qb7 44. Kg3 Qb4 45. g5 Rxf3+ 46. Kxf3 c3 47. gxf6+ Kf7 48. b3 Qd4 49. Rh2 Qxf6 50. Rh7+ Kg8 51. Rd7 Qh4 52. Rxd6 Qh3+ 53. Ke2 Qg3 54. Rf6 Ra5 55. d6 Ra1 56. Rxg6+ Qxg6 57. d7 Qg4+ 58. Ke3 Qg1+ 59. Kd3 Rd1+ 0-1

[Event "Wch Seniors 20th"]
[Site "Arco"]
[Date "2010.10.26"]
[Round "1"]
[White "Tavcar, Rado"]
[Black "Klundt, Klaus"]
[Result "0-1"]
[WhiteElo "2025"]
[BlackElo "2355"]
[PlyCount "50"]
[EventDate "2010.10.26"]
[EventType "swiss"]
[EventRounds "11"]
[EventCountry "ITA"]
[SourceTitle "EXT 2011"]
[Source "ChessBase"]
[SourceDate "2010.11.26"]
[SourceVersion "1"]
[SourceVersionDate "2010.11.26"]
[SourceQuality "1"]

1. d4 d5 2. c4 c6 3. cxd5 cxd5 4. Nc3 Nf6 5. Bf4 Nc6 6. e3 Bg4 7. Nf3 e6 8. Bd3 Bd6 9. Bxd6 Qxd6 10. h3 Bh5 11. Rc1 0-0 12. 0-0 Rac8 13. Ne2 Bxf3 14. gxf3 e5 15. Bf5 Rcd8 16. dxe5 Qxe5 17. Ng3 g6 18. Bd3 d4 19. e4 Nh5 20. Nxh5 Qxh5 21. Kh2 Qe5+ 22. Kg2 Qg5+ 23. Kh1 Ne5 24. Rg1 Qf4 25. Rg3 Nxd3 0-1

[Event "EU-ch Seniors 09th"]
[Site "Rogaska Slatina"]
[Date "2009.07.30"]
[Round "9"]
[White "Schwertel, Johann"]
[Black "Tavcar, Rado"]
[Result "1/2-1/2"]
[WhiteElo "2007"]
[BlackElo "2054"]
[PlyCount "46"]
[EventDate "2009.07.22"]
[EventType "swiss"]
[EventRounds "9"]
[EventCountry "SLO"]
[SourceTitle "CBM 131 Extra"]
[Source "ChessBase"]
[SourceDate "2009.09.03"]
[SourceVersion "2"]
[SourceVersionDate "2009.09.16"]
[SourceQuality "1"]

1. d4 c5 2. Nf3 Nf6 3. c3 e6 4. Bg5 cxd4 5. Nxd4 Be7 6. e3 0-0 7. Nd2 d5 8. Be2 h6 9. Bh4 e5 10. N4f3 Nc6 11. 0-0 Be6 12. Nb3 g5 13. Bg3 Nd7 14. Nfd2 f5 15. f4 gxf4 16. exf4 e4 17. Bf2 Kh7 18. Nd4 Nxd4 19. Bxd4 Bf6 20. Nb3 b6 21. Kh1 Qe7 22. Rc1 Rac8 23. g3 Rc7 1/2-1/2

[Event "EU-ch Seniors 09th"]
[Site "Rogaska Slatina"]
[Date "2009.07.29"]
[Round "8"]
[White "Tavcar, Rado"]
[Black "Sevenyuk, Alexey"]
[Result "0-1"]
[WhiteElo "2054"]
[BlackElo "1899"]
[PlyCount "69"]
[EventDate "2009.07.22"]
[EventType "swiss"]
[EventRounds "9"]
[EventCountry "SLO"]
[SourceTitle "CBM 131 Extra"]
[Source "ChessBase"]
[SourceDate "2009.09.03"]
[SourceVersion "2"]
[SourceVersionDate "2009.09.16"]
[SourceQuality "1"]

1. d4 e6 2. c4 f5 3. g3 Nf6 4. Bg2 Bb4+ 5. Bd2 Be7 6. Nc3 0-0 7. Nf3 d6 8. 0-0 Qe8 9. Qc2 Nc6 10. e4 fxe4 11. Nxe4 e5 12. dxe5 dxe5 13. Bc3 Qh5 14. h4 Nxe4 15. Qxe4 Bf6 16. Rfe1 Re8 17. Nd2 Kh8 18. Bf3 Qf7 19. Nf1 Bd7 20. Ne3 Nd4 21. Bg2 c6 22. Rad1 Rad8 23. b3 Rf8 24. Rd2 b6 25. Rf1 Rde8 26. Rfd1 Qh5 27. Re1 Rg8 28. Bb4 c5 29. Bc3 Nc6 30. Nd5 Qf7 31. Kh2 Re6 32. Kg1 Rge8 33. Rf1 g6 34. Qd3 Bg7 35. Be4 0-1

[Event "EU-ch Seniors 09th"]
[Site "Rogaska Slatina"]
[Date "2009.07.28"]
[Round "7"]
[White "Nikolic, Stanko"]
[Black "Tavcar, Rado"]
[Result "1-0"]
[WhiteElo "1922"]
[BlackElo "2054"]
[PlyCount "75"]
[EventDate "2009.07.22"]
[EventType "swiss"]
[EventRounds "9"]
[EventCountry "SLO"]
[SourceTitle "CBM 131 Extra"]
[Source "ChessBase"]
[SourceDate "2009.09.03"]
[SourceVersion "2"]
[SourceVersionDate "2009.09.16"]
[SourceQuality "1"]

1. e4 c5 2. Nf3 e6 3. d4 cxd4 4. Nxd4 Nc6 5. Nc3 Qc7 6. Be3 a6 7. Qd2 Nf6 8. f3 h6 9. 0-0-0 Ne5 10. Nb3 Bb4 11. Bd4 Nc6 12. Bxf6 gxf6 13. a3 Be7 14. Kb1 d6 15. f4 Bd7 16. Be2 0-0-0 17. Bf3 h5 18. Rhe1 h4 19. h3 Kb8 20. Nd5 exd5 21. exd5 Bf8 22. dxc6 Bxc6 23. Bxc6 bxc6 24. Qd3 Qb6 25. Re4 d5 26. Re2 Bd6 27. Qf5 Rh6 28. Rde1 Kc7 29. Re8 Rd7 30. Ra8 Qb7 31. Ree8 Kb6 32. a4 c5 33. Rec8 Rg6 34. a5+ Kb5 35. Nxc5 Bxc5 36. Rab8 Rc7 37. Qxd5 Qxb8 38. Rxb8+ 1-0

[Event "Ljubljana-chT 62nd 1st League"]
[Site "Ljubljana"]
[Date "2009.02.05"]
[Round "5.2"]
[White "Abe, Blaz"]
[Black "Tavcar, Rado"]
[Result "1-0"]
[WhiteElo "1633"]
[BlackElo "2054"]
[PlyCount "57"]
[EventDate "2009.01.08"]
[EventType "team-tourn"]
[EventRounds "9"]
[EventCountry "SLO"]
[SourceTitle "EXT 2022"]
[Source "ChessBase"]
[SourceDate "2021.10.06"]
[SourceVersion "1"]
[SourceVersionDate "2021.10.06"]
[SourceQuality "1"]
[WhiteTeam "Loka pri Mengsu"]
[BlackTeam "Podpec Senozeti"]
[WhiteTeamCountry "SLO"]
[BlackTeamCountry "SLO"]

1. d4 d5 2. c4 e6 3. e3 c6 4. Nc3 f5 5. Nf3 Nf6 6. Be2 Bd6 7. 0-0 0-0 8. c5 Bc7 9. b4 Nbd7 10. Ng5 Qe7 11. f4 h6 12. Nf3 Ne4 13. Nxe4 fxe4 14. Ne5 a5 15. Ng6 Qf6 16. Nxf8 Nxf8 17. Bd2 axb4 18. Bxb4 Ng6 19. Bh5 Nh4 20. Be1 Nf5 21. Bf2 Ra3 22. Qc1 Ra8 23. Qe1 g5 24. g4 Ne7 25. fxg5 hxg5 26. Bg3 Bxg3 27. Qxg3 Qh6 28. Qd6 e5 29. Qxh6 1-0

[Event "Wch Seniors 16th"]
[Site "Arvier"]
[Date "2006.09.19"]
[Round "8"]
[White "Tavcar, Rado"]
[Black "Manukyan, Aleksan"]
[Result "0-1"]
[WhiteElo "2112"]
[BlackElo "2195"]
[PlyCount "146"]
[EventDate "2006.09.11"]
[EventType "swiss"]
[EventRounds "11"]
[EventCountry "ITA"]
[SourceTitle "CBM 114 Extra"]
[Source "ChessBase"]
[SourceDate "2006.11.03"]
[SourceVersion "1"]
[SourceVersionDate "2006.11.03"]
[SourceQuality "1"]

1. e4 e6 2. d4 d5 3. Nc3 Nf6 4. Bg5 dxe4 5. Nxe4 Be7 6. Bxf6 gxf6 7. Nf3 b6 8. Bd3 Bb7 9. Qe2 Qd5 10. Ng3 Nc6 11. c3 f5 12. Bc4 Qa5 13. 0-0 f4 14. b4 Qa3 15. Ne4 a5 16. b5 Nd8 17. Rfd1 Rg8 18. Ne1 Bh4 19. Nd3 Qf8 20. Nxf4 Qh6 21. Nd3 f5 22. Ng3 f4 23. Nxf4 Qxf4 24. Bd3 Rg7 25. Ne4 Nf7 26. g3 Be7 27. Re1 Qh6 28. f4 0-0-0 29. Qf2 Rdg8 30. Re3 Nd6 31. Nxd6+ Bxd6 32. Be4 Bd5 33. Kh1 Qh3 34. Bxd5 exd5 35. Rae1 Qd7 36. a4 h5 37. Qf3 Qf5 38. Re8+ Kd7 39. Rxg8 Rxg8 40. Rg1 Re8 41. Rf1 Qe4 42. Kg2 c6 43. bxc6+ Kxc6 44. Qxe4 dxe4 45. Rb1 h4 46. Kf2 hxg3+ 47. hxg3 Rh8 48. Ke3 Rh3 49. Rg1 Kd5 50. c4+ Kxc4 51. Kxe4 Ba3 52. g4 Rd3 53. g5 Rxd4+ 54. Kf3 Bb2 55. f5 Rd3+ 56. Ke4 Rd4+ 57. Kf3 Kd5 58. g6 Rxa4 59. g7 Bxg7 60. Rxg7 Ke5 61. Re7+ Kxf5 62. Ke3 Kf6 63. Re8 Kf7 64. Re5 Rc4 65. Kd3 Rc6 66. Kd4 Re6 67. Rh5 Rc6 68. Rb5 Ke7 69. Rh5 Kd7 70. Rh7+ Kd6 71. Rh6+ Kc7 72. Rh7+ Kb8 73. Kd5 Rc7 0-1

[Event "SLO-chT 16th"]
[Site "Ljubljana"]
[Date "2006.07.09"]
[Round "9"]
[White "Tavcar, Rado"]
[Black "Drnovsek, Nejc"]
[Result "1-0"]
[WhiteElo "2112"]
[BlackElo "1693"]
[PlyCount "85"]
[EventDate "2006.07.03"]
[EventType "team"]
[EventRounds "9"]
[EventCountry "SLO"]
[SourceTitle "EXT 2008"]
[Source "ChessBase"]
[SourceDate "2007.11.25"]
[SourceVersion "1"]
[SourceVersionDate "2007.11.25"]
[SourceQuality "1"]

1. d4 d5 2. c4 e6 3. Nc3 Nf6 4. Bg5 Nbd7 5. e3 c6 6. Nf3 Qa5 7. Nd2 Bb4 8. Qc2 0-0 9. Bh4 Re8 10. Be2 e5 11. dxe5 Rxe5 12. Bg3 Re8 13. 0-0 d4 14. Nb3 Qd8 15. Nxd4 Bxc3 16. Qxc3 Ne4 17. Qc2 Nxg3 18. hxg3 g6 19. Rad1 Qg5 20. Bd3 Nf6 21. c5 Be6 22. Nxe6 Rxe6 23. Be2 h5 24. Rd4 Kg7 25. Rfd1 Rae8 26. Bf3 Qh6 27. Qc3 g5 28. Rd7 g4 29. Be2 Re5 30. Rxb7 h4 31. Bc4 R8e7 32. Rxe7 Rxe7 33. gxh4 Qxh4 34. g3 Qg5 35. Rd3 Qf5 36. Rd1 Qg5 37. Rd6 Qf5 38. Rxc6 Qf3 39. Rd6 Re8 40. Be2 Qxe2 41. Qxf6+ Kg8 42. Rd7 Rf8 43. c6 1-0

[Event "SLO-chT 16th"]
[Site "Ljubljana"]
[Date "2006.07.06"]
[Round "7"]
[White "Tavcar, Rado"]
[Black "Omerzel, Nikola"]
[Result "1/2-1/2"]
[WhiteElo "2112"]
[BlackElo "1789"]
[PlyCount "72"]
[EventDate "2006.07.03"]
[EventType "team"]
[EventRounds "9"]
[EventCountry "SLO"]
[SourceTitle "EXT 2008"]
[Source "ChessBase"]
[SourceDate "2007.11.25"]
[SourceVersion "1"]
[SourceVersionDate "2007.11.25"]
[SourceQuality "1"]

1. d4 d5 2. c4 e6 3. Nc3 Nf6 4. Nf3 Be7 5. e3 0-0 6. b3 b6 7. Bb2 Bb7 8. Bd3 Nbd7 9. 0-0 Ne4 10. Nd2 Ndf6 11. f3 Nxd2 12. Qxd2 c5 13. cxd5 Nxd5 14. Nxd5 exd5 15. Rac1 a5 16. Rfd1 Rc8 17. Bb1 f5 18. Qd3 Rc7 19. g4 Bc8 20. dxc5 Rxc5 21. Bd4 Rxc1 22. Rxc1 g6 23. Qb5 Bc5 24. Bxc5 bxc5 25. Qxc5 fxg4 26. f4 Bf5 27. Bxf5 Rxf5 28. Qc8 Qxc8 29. Rxc8+ Kg7 30. Ra8 d4 31. exd4 Rxf4 32. d5 h5 33. Rxa5 Rd4 34. Kf2 Rd2+ 35. Kg3 Rd3+ 36. Kg2 Rd2+ 1/2-1/2

[Event "SLO-chT 16th"]
[Site "Ljubljana"]
[Date "2006.07.04"]
[Round "3"]
[White "Kavcic, Janez"]
[Black "Tavcar, Rado"]
[Result "1-0"]
[WhiteElo "1904"]
[BlackElo "2112"]
[PlyCount "37"]
[EventDate "2006.07.03"]
[EventType "team"]
[EventRounds "9"]
[EventCountry "SLO"]
[SourceTitle "EXT 2008"]
[Source "ChessBase"]
[SourceDate "2007.11.25"]
[SourceVersion "1"]
[SourceVersionDate "2007.11.25"]
[SourceQuality "1"]

1. e4 e5 2. f4 exf4 3. Bc4 Ne7 4. Nc3 Ng6 5. Nf3 Be7 6. 0-0 Nc6 7. d4 d6 8. Nd5 0-0 9. Nxf4 Bg4 10. Nxg6 hxg6 11. c3 Bf6 12. h3 Bxf3 13. Qxf3 Qd7 14. Qg3 Rae8 15. Rxf6 gxf6 16. Qxg6+ Kh8 17. Qxf6+ Kh7 18. Qh4+ Kg6 19. Qh6# 1-0

[Event "Wch Seniors 15th"]
[Site "Lignano Sabbiadoro"]
[Date "2005.10.09"]
[Round "11"]
[White "Gunsberger, Alexander"]
[Black "Tavcar, Rado"]
[Result "1-0"]
[WhiteElo "2276"]
[BlackElo "2110"]
[PlyCount "105"]
[EventDate "2005.09.28"]
[EventType "swiss"]
[EventRounds "11"]
[EventCountry "ITA"]
[SourceTitle "CBM 108 Extra"]
[Source "ChessBase"]
[SourceDate "2005.11.04"]
[SourceVersion "1"]
[SourceVersionDate "2005.11.04"]
[SourceQuality "1"]

1. e4 e5 2. Nf3 Nc6 3. Bb5 a6 4. Ba4 Nf6 5. Bxc6 dxc6 6. d3 Bg4 7. h3 Bxf3 8. Qxf3 Bd6 9. Nd2 Nd7 10. 0-0 Qf6 11. Qg3 Qg6 12. Qxg6 hxg6 13. Nc4 Ke7 14. Na5 Rab8 15. f4 f6 16. c3 exf4 17. Bxf4 Bxf4 18. Rxf4 Rhe8 19. d4 g5 20. Rf3 Ke6 21. b4 Nf8 22. Re1 Kd7 23. Kf2 Ng6 24. g3 Re7 25. Rf5 b6 26. Nc4 Rbe8 27. Nd2 Re6 28. a4 Rh8 29. Kg2 Rhe8 30. a5 Kc8 31. Ra1 Kb7 32. Ra2 Nf8 33. Rf1 Nd7 34. h4 gxh4 35. gxh4 Rh8 36. Rh1 Rh5 37. Rh3 Nf8 38. Kg3 Re7 39. Ra1 g6 40. axb6 cxb6 41. Rf1 Nd7 42. Rf2 Reh7 43. Rhh2 Kc7 44. Nf3 Kd6 45. Ra2 Re7 46. Kf4 a5 47. bxa5 bxa5 48. c4 Kc7 49. c5 g5+ 50. hxg5 fxg5+ 51. Nxg5 Rxg5 52. Kxg5 Rxe4 53. Rh7 1-0

[Event "Wch Seniors 15th"]
[Site "Lignano Sabbiadoro"]
[Date "2005.10.07"]
[Round "9"]
[White "Tavcar, Rado"]
[Black "Haug, Sverre"]
[Result "1-0"]
[WhiteElo "2110"]
[BlackElo "1924"]
[PlyCount "120"]
[EventDate "2005.09.28"]
[EventType "swiss"]
[EventRounds "11"]
[EventCountry "ITA"]
[SourceTitle "CBM 108 Extra"]
[Source "ChessBase"]
[SourceDate "2005.11.04"]
[SourceVersion "1"]
[SourceVersionDate "2005.11.04"]
[SourceQuality "1"]

1. e4 e6 2. d4 b6 3. c4 Bb7 4. Nc3 Bb4 5. f3 Bxc3+ 6. bxc3 d5 7. cxd5 exd5 8. e5 Ne7 9. Bd3 Qd7 10. f4 Ba6 11. Bc2 c5 12. Nf3 0-0 13. Kf2 Nbc6 14. Re1 g6 15. Kg1 h6 16. h3 Kg7 17. Kh2 cxd4 18. Nxd4 Nxd4 19. Qxd4 Kh7 20. Ba3 Rfd8 21. g4 Rac8 22. Ba4 b5 23. Bb3 Nc6 24. Qd2 Na5 25. Bb4 Nc4 26. Qd4 Rc6 27. a4 Rc7 28. Ra2 Ra8 29. a5 Re8 30. Rae2 Bc8 31. Bc2 Rc6 32. f5 Qd8 33. Qxa7 Rc7 34. Qd4 Rc6 35. e6 fxe6 36. fxg6+ Kg8 37. Rf1 e5 38. Qf2 Be6 39. a6 Rxa6 40. Qc5 Qd7 41. Ref2 Nd6 42. Qe3 Qg7 43. Rf6 e4 44. Qf4 Nc4 45. Rf7 Qe5 46. Qxe5 Nxe5 47. R7f6 Ra2 48. R1f2 Raa8 49. Bb3 Rad8 50. Kg3 Kg7 51. Ba5 Rd7 52. Bb6 Nf3 53. R2xf3 exf3 54. Bd4 Kg8 55. Kxf3 Rf8 56. Rxf8+ Kxf8 57. Bc5+ Kg8 58. h4 Kg7 59. h5 Ra7 60. Kf4 Kg8 1-0

[Event "Wch Seniors 15th"]
[Site "Lignano Sabbiadoro"]
[Date "2005.09.30"]
[Round "3"]
[White "Filzmaier, Bruno"]
[Black "Tavcar, Rado"]
[Result "1-0"]
[WhiteElo "1970"]
[BlackElo "2110"]
[PlyCount "109"]
[EventDate "2005.09.28"]
[EventType "swiss"]
[EventRounds "11"]
[EventCountry "ITA"]
[SourceTitle "CBM 108 Extra"]
[Source "ChessBase"]
[SourceDate "2005.11.04"]
[SourceVersion "1"]
[SourceVersionDate "2005.11.04"]
[SourceQuality "1"]

1. a3 g6 2. Nf3 Bg7 3. d4 Nf6 4. b4 0-0 5. Bb2 d6 6. e3 a5 7. b5 Nbd7 8. Be2 c5 9. c4 cxd4 10. exd4 d5 11. c5 Ne4 12. Qc2 Ndf6 13. Nc3 Bf5 14. Bd3 Nxc3 15. Bxc3 Bxd3 16. Qxd3 Ne4 17. 0-0 Qd7 18. a4 Qg4 19. Rfe1 e6 20. Rad1 Qf4 21. Bd2 Nxd2 22. Qxd2 Qxd2 23. Rxd2 Rfc8 24. Ne5 Bxe5 25. Rxe5 Kf8 26. Rde2 Rc7 27. g4 Kg7 28. Kg2 h6 29. h4 Rh8 30. f4 h5 31. gxh5 Rxh5 32. Rxh5 gxh5 33. Re5 Kh6 34. f5 Re7 35. Kg3 Re8 36. fxe6 fxe6 37. Kf4 Rf8+ 38. Ke3 Re8 39. Rg5 Rf8 40. Rg1 Rf7 41. Rb1 Kg6 42. b6 Rf8 43. Rb5 Ra8 44. Kf4 Kf6 45. c6 bxc6 46. Rxa5 Rg8 47. b7 Rb8 48. Ra7 Ke7 49. a5 Kd6 50. a6 Kc7 51. Ra8 c5 52. dxc5 d4 53. Ke4 e5 54. Rxb8 Kxb8 55. c6 1-0